KOHA-Header-6

Toyota Talent Developing Your People The Toyota Way (Record no. 10091)

000 -LEADER
fixed length control field 00284nam a2200109Ia 4500
100 ## - MAIN ENTRY--AUTHOR NAME
Personal name Liker, Meier
245 #0 - TITLE STATEMENT
Title Toyota Talent Developing Your People The Toyota Way
260 ## - PUBLICATION, DISTRIBUTION, ETC. (IMPRINT)
Place of publication India
Name of publisher S. Chand
Year of publication 2003
300 ## - PHYSICAL DESCRIPTION
Number of Pages 146
942 ## - ADDED ENTRY ELEMENTS (KOHA)
Koha item type Books
Holdings
Withdrawn status Lost status Collection code Permanent Location Current Location Shelving location Date acquired Full call number Accession Number Koha item type
    Business MAJU MAJU   2019-09-14 813.4 6193 Business

Powered by Koha